Русская басня

Bibliografiske detaljer
Andre forfattere: Степанов Н. (автор предисловия), Стацинский В. (иллюстратор)
Sprog:russisk
Udgivet: Москва, Художественная литература, 1966
TOC:;
Fag:
Format: MixedMaterials Bog
KOHA link:https://koha.lib.tpu.ru/cgi-bin/koha/opac-detail.pl?biblionumber=153738

MARC

LEADER 00000nam0a2200000 4500
001 153738
005 20231031151511.0
035 |a (RuTPU)RU\TPU\book\166779 
090 |a 153738 
100 |a 20090216d1966 m y0rusy50 ca 
101 0 |a rus 
102 |a RU 
105 |a a z 001ay 
200 1 |a Русская басня  |f авт. предисл., сост., подгот. текста и примеч. Н. Степанов ; худож. В. Стацинский 
210 |a Москва  |c Художественная литература  |d 1966 
215 |a 600 с.  |c ил. 
320 |a Библиогр.в примеч.: с.561-586 
464 |a Михалков, Сергей Владимирович 
610 1 |a русская литература 
610 1 |a басни 
675 |a Р1  |v 3 
702 1 |a Степанов  |b Н.  |4 080 
702 1 |a Стацинский  |b В.  |4 440 
801 1 |a RU  |b 63413507  |c 20090216  |g PSBO 
801 2 |a RU  |b 63413507  |c 20220601  |g PSBO 
942 |c BK